000 00675cam a22002171 4500
001 l 39000021
003 DLC
005 20260227111536.0
008 830506s1938 dcua 000 0 eng
010 _al 39000021
035 _a(OCoLC)29100223
040 _aDLC
_cMnU
_dOCoLC
_dDLC
042 _apremarc
043 _an-us---
050 0 0 _aHD8051
_b.A62 no. 650
110 1 _aUnited States.
_bBureau of Labor Statistics
245 1 0 _aStatistics of building construction, 1920 to 1937,
_cas shown by building permits issued ...
260 _aWashington,
_bU.S. Govt. print. off.,
_c1938.
300 _a2 v.
_btables, diagrs.
_c24 cm.
650 0 _aBuilding
_zUnited States.
999 _c36286
_d36286